000 01054nam a2200301 c 4500
999 _c206234
_d206234
003 BLK
005 20221019093445.0
008 180411b bul|||||r ||||||| ||bul||
010 _aKNG00215983000
040 _aBLK
041 _aBUL
_cBUL
080 _aМъртви индоевропейски езици - хетски, скитски, илирийски, тракийски и др.
_b811.29
_z811.29
100 1 _aДуриданов, Иван Василев
_eпърви автор
_9368885
139 _aДуриданов, Иван Василев
_bД 93
245 1 0 _aЕзикът на траките
_bИзследване
_cИван Василев Дуриданов.
257 _aBGR
260 _bНаука и изкуство
_c1976
_aСофия
300 _a167 с.
_c20 см
380 _a80
500 _a3 120 тир. - Библиогр. с. 133-135 ; Азб. показалец.
650 4 _aТраки
_9173862
653 _aтракийски език
852 _aЦб 81826
856 4 _qpdf
_i0.00
_ldisable
856 4 _qpdf
_i0.00
_ldisable
942 _cKNG
_n0
_02
_s1
944 _aCR
_c09.02.2018
_kГрета_Цуфелде
944 _aED
_c09.02.2018
_kГрета_Цуфелде
999 _d206234
999 _d206234